Normal view
MARC view
Entry Topical Term
001 - CONTROL NUMBER
- control field: 755061
003 - CONTROL NUMBER IDENTIFIER
- control field: OSt
005 - DATE AND TIME OF LATEST TRANSACTION
- control field: 20250507130302.0
008 - FIXED-LENGTH DATA ELEMENTS
- fixed length control field: 250507|| aca||aabn | a|a d
040 ## - CATALOGING SOURCE
- Original cataloging agency: OSt
- Transcribing agency: OSt
150 ## - HEADING--TOPICAL TERM
- Topical term or geographic name entry element: Asian Studies; Colonial
670 ## - SOURCE DATA FOUND
- Source citation: Work cat.: (OSt)1318772: Guite Jangkhomang, Colonialism and its Unruky?: The Colonial State and Kuki Raids in nineteenth century Northeast India, 2014
